000 00625nam a2200217Ia 4500
003 GCL
008 140319s9999 xx 000 0 ara d
040 _aGCL /
_cGCL
082 0 4 _a157
_bم س
100 1 _aمصطفى فهمى
245 1 0 _aسيكولوجية الاطفال غير العاديين /
_cمصطفى فهمى
300 _a373 ص
490 _aمجالات علم النفس
_v0
650 0 4 _aعلم النفس المرضى
650 0 4 _aالبكم
650 0 4 _aالصم
650 0 4 _aالمكفوفون
650 0 4 _aالمعوقون
650 0 4 _aالاطفال المعوقون
942 _2ddc
_cBK
999 _c51919
_d51919